ARRUPE JESUIT UNIVERSITY

CORONAVIRUS -STOP THE SPREAD - CLEAN,DISINFECT,COVER

Guerrilla veterans in post-war Zimbabwe : (Record no. 122939)

MARC details
000 -LEADER
fixed length control field 01788cam a2200385 a 4500
001 - CONTROL NUMBER
control field 12893625
003 - CONTROL NUMBER IDENTIFIER
control field ARRUPE
005 - DATE AND TIME OF LATEST TRANSACTION
control field 20150715173613.0
008 - FIXED-LENGTH DATA ELEMENTS--GENERAL INFORMATION
fixed length control field 020813s2003 enkb b 001 0 eng
010 ## - LIBRARY OF CONGRESS CONTROL NUMBER
LC control number 2002031404
020 ## - INTERNATIONAL STANDARD BOOK NUMBER
International Standard Book Number 0521818230
020 ## - INTERNATIONAL STANDARD BOOK NUMBER
International Standard Book Number 0521537703 (pbk.)
040 ## - CATALOGING SOURCE
Original cataloging agency DLC
Transcribing agency DLC
Modifying agency DLC
043 ## - GEOGRAPHIC AREA CODE
Geographic area code f-rh---
050 00 - LIBRARY OF CONGRESS CALL NUMBER
Classification number DT2996
Item number .K75 2003
082 00 - DEWEY DECIMAL CLASSIFICATION NUMBER
Classification number 968.9105/1
Edition number 21
300 ## - PHYSICAL DESCRIPTION
Dimensions map ;
-- 24 cm.
100 1# - MAIN ENTRY--PERSONAL NAME
Personal name Kriger, Norma J.
9 (RLIN) 18194
245 10 - TITLE STATEMENT
Title Guerrilla veterans in post-war Zimbabwe :
Remainder of title symbolic and violent politics, 1980-1987 /
Statement of responsibility, etc Norma J. Kriger.
260 ## - PUBLICATION, DISTRIBUTION, ETC. (IMPRINT)
Place of publication, distribution, etc Cambridge, UK ;
-- New York :
Name of publisher, distributor, etc Cambridge University Press,
Date of publication, distribution, etc 2003.
300 ## - PHYSICAL DESCRIPTION
Extent xx, 293 p. ;
440 #0 - SERIES STATEMENT/ADDED ENTRY--TITLE
Title African studies series ;
Volume number/sequential designation 103
9 (RLIN) 1224
504 ## - BIBLIOGRAPHY, ETC. NOTE
Bibliography, etc Includes bibliographical references (p. 269-283) and index.
650 #0 - SUBJECT ADDED ENTRY--TOPICAL TERM
Topical term or geographic name as entry element Political violence
Geographic subdivision Zimbabwe.
9 (RLIN) 7515
650 #0 - SUBJECT ADDED ENTRY--TOPICAL TERM
Topical term or geographic name as entry element Veterans
General subdivision Political activity
Geographic subdivision Zimbabwe.
9 (RLIN) 18195
651 #0 - SUBJECT ADDED ENTRY--GEOGRAPHIC NAME
Geographic name Zimbabwe
General subdivision Politics and government
Chronological subdivision 1980-
9 (RLIN) 18196
651 #0 - SUBJECT ADDED ENTRY--GEOGRAPHIC NAME
Geographic name Zimbabwe
General subdivision History
Chronological subdivision Chimurenga War, 1966-1980
General subdivision Veterans.
9 (RLIN) 18197
856 42 - ELECTRONIC LOCATION AND ACCESS
Materials specified Book review (H-Net)
Uniform Resource Identifier <a href="http://www.h-net.org/review/hrev-a0d4c3-aa">http://www.h-net.org/review/hrev-a0d4c3-aa</a>
856 41 - ELECTRONIC LOCATION AND ACCESS
Materials specified Sample text
Uniform Resource Identifier <a href="http://www.loc.gov/catdir/samples/cam033/2002031404.html">http://www.loc.gov/catdir/samples/cam033/2002031404.html</a>
856 42 - ELECTRONIC LOCATION AND ACCESS
Materials specified Publisher description
Uniform Resource Identifier <a href="http://www.loc.gov/catdir/description/cam031/2002031404.html">http://www.loc.gov/catdir/description/cam031/2002031404.html</a>
856 41 - ELECTRONIC LOCATION AND ACCESS
Materials specified Table of contents
Uniform Resource Identifier <a href="http://www.loc.gov/catdir/toc/cam031/2002031404.html">http://www.loc.gov/catdir/toc/cam031/2002031404.html</a>
856 42 - ELECTRONIC LOCATION AND ACCESS
Materials specified Contributor biographical information
Uniform Resource Identifier <a href="http://www.loc.gov/catdir/enhancements/fy0731/2002031404-b.html">http://www.loc.gov/catdir/enhancements/fy0731/2002031404-b.html</a>
906 ## - LOCAL DATA ELEMENT F, LDF (RLIN)
a 7
b cbc
c orignew
d 1
e ocip
f 20
g y-gencatlg
942 ## - ADDED ENTRY ELEMENTS (KOHA)
Source of classification or shelving scheme Library of Congress Classification
Koha item type Monograph ( Printed materials)
Holdings
Withdrawn status Lost status Source of classification or shelving scheme Damaged status Not for loan Home library Current library Date acquired Total Checkouts Full call number Barcode Date last seen Price effective from Koha item type
    Library of Congress Classification     ARRUPE LIBRARY ARRUPE LIBRARY 15/07/2015   DT2996 .K75 2003 46500002644 07/12/2017 15/07/2015 Monograph ( Printed materials)

 

Arrupe Library. PO Box MP320 Mt Pleasant, Harare, Zimbabwe
263 242 745411|librarian@aju.ac.zw